[Event "TUR-ch Seniors 65"]
[Site "Ankara"]
[Date "2023.05.25"]
[Round "7"]
[White "Tunca, Omer"]
[Black "Turkucu, Eyup"]
[Result "1/2-1/2"]
[WhiteElo "1231"]
[BlackElo "1109"]
[PlyCount "64"]
[EventDate "2023.05.19"]
[EventType "swiss"]
[EventRounds "9"]
[EventCountry "TUR"]
[SourceTitle "CBM 214 Extra"]
[Source "ChessBase"]
[SourceDate "2023.07.31"]
[SourceVersion "1"]
[SourceVersionDate "2023.07.31"]
[SourceQuality "1"]

1. Nf3 c5 2. g3 Nc6 3. Bg2 Nf6 4. d3 e6 5. Nbd2 Qc7 6. 0-0 a6 7. b3 b5 8. Bb2 Be7 9. Ng5 Bb7 10. Nge4 d5 11. Bxf6 gxf6 12. Nc3 Qe5 13. Ndb1 b4 14. d4 Nxd4 15. e3 Nb5 16. Nxb5 axb5 17. Nd2 h5 18. Qe2 Ba6 19. c4 bxc4 20. bxc4 h4 21. Nf3 Qh5 22. Qc2 hxg3 23. fxg3 Bxc4 24. Rf2 e5 25. h4 Qg4 26. Nh2 Qxg3 27. Qf5 Qxe3 28. Ng4 Qd4 29. Nxf6+ Bxf6 30. Qxf6 Qxa1+ 31. Bf1 Rg8+ 32. Kh2 e4 1/2-1/2